01203cam a22002532i 4500001001300000003000700013005001700020008004100037020003800078040001800116042000900134084002100143090001300164245012600177260004400303300001800347650002400365650002400389650001800413650001800431942001400449999001500463952047100478CIP113018095YEEZEN20250113153712.0241119s2024 ch e 000 0 chi d a9789579972673q(平裝) :cNT$350 aCIPbchicCIP anbic a410.16192ncsclt a410.161910a醫病雙贏 第三輯b: 醫學倫理暨病人安全論壇. 第三輯= Issue on medical ethics & patient safety. vol.3. a臺中市 :b澄清基金會, c2024.12 a面 ;c公分 72lcstta醫學倫理 72lcstta醫病關係 72lcstta病人 72lcstta文集 2cclcBOOK c7633d7633 00102ccl4070ayeezenbyeezencYEEZENd2025-01-13l1o410.1619pC03217r2025-04-29 00:00:00s2025-04-15w2025-01-13yBOOKz醫學倫理暨病人安全論壇 醫學倫理,在於解除醫學科技與人性的衝擊。 病人安全,讓病患得到安全又安心的療護。 醫療是一種使命,倫理與安全是必備的雙翼。 本書集結不同的專家,從醫療、護理、醫事、管理的角度, 本書做廣泛的探討,並深入探究病人的內心。